000 00898nam a22002417a 4500
999 _c64495
_d64495
005 20240530110734.0
008 180708s2018 jo g 000 1bara d
017 _a2018/3/1467
_bالمملكة الاردنية الهاشمية . دائرة المكتبة الوطنية
020 _a00962795769812
040 _aEG-CaGPL
_cEG-CaGPL
082 0 4 _221
_a928.1 /
_bس س
100 0 _aسليم النجار
245 1 0 _aسنين عمان مع الشاعر حميد سعيد /
_cسليم النجار
250 _aط.2
260 _aعمان :
_c2018.
_bالالفية للنشر والتوزيع،
300 _a256 ص. ؛
_c24 سم.
600 0 _aحميد سعيد
_vتراجم
650 0 7 _2qrmak
_aالادب العربى
650 0 7 _2qrmak
_aالشعر العربى
_xدواوين وقصائد
651 _2qrmak
942 _2ddc
_cBK